[Event "Wch Rapid (Women)"]
[Site "Warsaw"]
[Date "2021.12.26"]
[Round "3"]
[White "Brambilla, Renee Blandy T"]
[Black "Salimova, Nurgyul"]
[Result "0-1"]
[WhiteElo "1536"]
[BlackElo "2353"]
[PlyCount "64"]
[EventDate "2021.12.26"]
[EventType "swiss (rapid)"]
[EventRounds "11"]
[EventCountry "POL"]
[SourceTitle "CBM 205 Extra"]
[Source "ChessBase"]
[SourceDate "2022.01.31"]
[SourceVersion "1"]
[SourceVersionDate "2022.01.31"]
[SourceQuality "1"]

1. d4 Nf6 2. c4 e6 3. Nc3 Bb4 4. e3 0-0 5. Nf3 d5 6. Bd2 b6 7. cxd5 exd5 8. Bd3 Re8 9. 0-0 Bb7 10. a3 Bf8 11. Rc1 Nbd7 12. Nb5 c6 13. Nc3 Ne4 14. Na2 a5 15. a4 Bd6 16. Nc3 f5 17. Bxe4 fxe4 18. Ne1 Re6 19. g3 Nf6 20. Ng2 Qd7 21. Ne2 Re7 22. Nef4 Rf8 23. Qe2 g5 24. Nh5 Qh3 25. Nxf6+ Rxf6 26. f3 Rh6 27. Ne1 Ba6 28. Qg2 Bxf1 29. Kxf1 Qxg2+ 30. Kxg2 Bb4 31. Bxb4 axb4 32. Rxc6 Rxc6 0-1

[Event "BRA-ch (Women) 60th"]
[Site "Cuiaba"]
[Date "2021.11.04"]
[Round "11"]
[White "Brambilla, Renee Blandy T"]
[Black "Silva, Marina Taborelli"]
[Result "1/2-1/2"]
[WhiteElo "1671"]
[BlackElo "1651"]
[PlyCount "115"]
[EventDate "2021.10.28"]
[EventType "swiss"]
[EventRounds "11"]
[EventCountry "BRA"]
[SourceTitle "CBM 205 Extra"]
[Source "ChessBase"]
[SourceDate "2022.01.31"]
[SourceVersion "1"]
[SourceVersionDate "2022.01.31"]
[SourceQuality "1"]

1. d4 d5 2. c4 e6 3. Nc3 Nf6 4. Bg5 Be7 5. e3 0-0 6. Nf3 Nc6 7. cxd5 exd5 8. Bd3 Be6 9. Bc2 Qd7 10. a3 a6 11. Qd3 g6 12. Bb3 Bf5 13. Qd1 b5 14. Bxf6 Bxf6 15. Nxd5 Qd6 16. Nxf6+ Qxf6 17. Rc1 Rac8 18. 0-0 Be4 19. Nd2 Rfe8 20. Nxe4 Rxe4 21. Qc2 Nxd4 22. Qxe4 Nxb3 23. Rc2 c5 24. Rd1 c4 25. h3 Qc6 26. Qxc6 Rxc6 27. Kf1 f5 28. Re2 Re6 29. Rd7 Nc1 30. Red2 Nd3 31. b3 Rc6 32. Rc2 Ne5 33. Rd5 cxb3 34. Rxc6 Nxc6 35. Rd2 Na5 36. Rb2 Nc4 37. Rxb3 Nd2+ 38. Ke2 Nxb3 39. Kd3 a5 40. Kc3 a4 41. Kb4 g5 42. Kxb5 h5 43. Kxa4 Nc5+ 44. Kb5 Ne6 45. Kc6 g4 46. Kd6 Kf7 47. Ke5 gxh3 48. gxh3 Ng7 49. a4 Kg6 50. h4 Ne8 51. f4 Nc7 52. e4 fxe4 53. f5+ Kf7 54. Kxe4 Kf6 55. Kf4 Nd5+ 56. Ke4 Nc3+ 57. Kf4 Nxa4 58. Ke4 1/2-1/2

[Event "BRA-ch (Women) 60th"]
[Site "Cuiaba"]
[Date "2021.11.03"]
[Round "10"]
[White "Brambilla, Renee Blandy T"]
[Black "Bokhonok, Tatiana dos Santos"]
[Result "0-1"]
[WhiteElo "1671"]
[BlackElo "1230"]
[PlyCount "64"]
[EventDate "2021.10.28"]
[EventType "swiss"]
[EventRounds "11"]
[EventCountry "BRA"]
[SourceTitle "CBM 205 Extra"]
[Source "ChessBase"]
[SourceDate "2022.01.31"]
[SourceVersion "1"]
[SourceVersionDate "2022.01.31"]
[SourceQuality "1"]

1. d4 e6 2. c4 f5 3. Nc3 Nf6 4. g3 d5 5. cxd5 exd5 6. Bg2 c6 7. Bg5 Be7 8. e3 0-0 9. Nf3 Nbd7 10. 0-0 Ne4 11. Bxe7 Qxe7 12. Nd2 Ndf6 13. Rb1 Bd7 14. Nf3 Be8 15. Qd3 Bh5 16. Ne5 Nd7 17. Nxd7 Qxd7 18. b4 a6 19. Nxe4 fxe4 20. Qb3 Bf3 21. h4 Rf6 22. Kh2 Raf8 23. b5 axb5 24. a4 Be2 25. Qa2 Bxf1 26. Rxf1 bxa4 27. Bxe4 Qf7 28. Bc2 Rxf2+ 29. Rxf2 Qxf2+ 30. Kh3 Rf3 31. Kg4 Rxg3+ 32. Kh5 Qf7+ 0-1

[Event "BRA-ch (Women) 60th"]
[Site "Cuiaba"]
[Date "2021.11.02"]
[Round "9"]
[White "Braga, Debora Abade"]
[Black "Brambilla, Renee Blandy T"]
[Result "1-0"]
[WhiteElo "1480"]
[BlackElo "1671"]
[PlyCount "59"]
[EventDate "2021.10.28"]
[EventType "swiss"]
[EventRounds "11"]
[EventCountry "BRA"]
[SourceTitle "CBM 205 Extra"]
[Source "ChessBase"]
[SourceDate "2022.01.31"]
[SourceVersion "1"]
[SourceVersionDate "2022.01.31"]
[SourceQuality "1"]

1. d4 Nf6 2. e3 g6 3. f4 Bg7 4. Bd3 d6 5. Nf3 Nc6 6. c3 0-0 7. 0-0 e5 8. Nbd2 Re8 9. Bc2 Nd5 10. Nc4 exf4 11. e4 Nf6 12. d5 b5 13. Re1 bxc4 14. dxc6 Nd7 15. cxd7 Bxd7 16. Bxf4 Rb8 17. Rb1 Rb5 18. Ba4 Rh5 19. Bxd7 Qxd7 20. e5 Qf5 21. Qa4 Rxe5 22. Bxe5 dxe5 23. Qxc4 Bh6 24. Rbd1 Bf4 25. Qe4 Qg4 26. Rd5 f5 27. Rd8+ Kg7 28. Qb4 c5 29. Qxc5 Be3+ 30. Rxe3 1-0

[Event "BRA-ch (Women) 60th"]
[Site "Cuiaba"]
[Date "2021.10.29"]
[Round "3"]
[White "Brambilla, Renee Blandy T"]
[Black "Nunes, Agatha Hurba"]
[Result "0-1"]
[WhiteElo "1671"]
[BlackElo "1797"]
[PlyCount "54"]
[EventDate "2021.10.28"]
[EventType "swiss"]
[EventRounds "11"]
[EventCountry "BRA"]
[SourceTitle "CBM 205 Extra"]
[Source "ChessBase"]
[SourceDate "2022.01.31"]
[SourceVersion "1"]
[SourceVersionDate "2022.01.31"]
[SourceQuality "1"]

1. d4 e6 2. c4 f5 3. Nf3 Nf6 4. Bf4 Bb4+ 5. Nbd2 0-0 6. a3 Bxd2+ 7. Nxd2 a5 8. e3 d6 9. Be2 Qe7 10. Nf3 Nc6 11. 0-0 Kh8 12. c5 dxc5 13. dxc5 Ne4 14. Rc1 e5 15. Bg3 Ng5 16. Nxg5 Qxg5 17. h4 Qe7 18. h5 f4 19. exf4 exf4 20. Bh2 Qg5 21. Rc3 Be6 22. Qc1 Nd4 23. Re1 Rae8 24. Bf3 Bh3 25. g3 Nxf3+ 26. Rxf3 Qd5 27. Rxe8 Rxe8 0-1

[Event "BRA-ch (Women) 60th"]
[Site "Cuiaba"]
[Date "2021.10.28"]
[Round "1"]
[White "Brambilla, Renee Blandy T"]
[Black "Tamarozi, Isabelle"]
[Result "0-1"]
[WhiteElo "1671"]
[BlackElo "1981"]
[PlyCount "108"]
[EventDate "2021.10.28"]
[EventType "swiss"]
[EventRounds "11"]
[EventCountry "BRA"]
[SourceTitle "CBM 205 Extra"]
[Source "ChessBase"]
[SourceDate "2022.01.31"]
[SourceVersion "1"]
[SourceVersionDate "2022.01.31"]
[SourceQuality "1"]

1. d4 Nf6 2. c4 g6 3. Nc3 Bg7 4. e4 d6 5. Nf3 0-0 6. Be2 e5 7. 0-0 Nc6 8. d5 Ne7 9. Ne1 Nd7 10. Nd3 f5 11. Bd2 Nf6 12. f3 f4 13. c5 g5 14. Rc1 Ng6 15. cxd6 cxd6 16. Nb5 Ne8 17. Nf2 Rf7 18. a4 h5 19. Na3 Nf6 20. Nc4 Bf8 21. a5 g4 22. fxg4 hxg4 23. Nxg4 Nxe4 24. Qc2 Bf5 25. Bd3 Bxg4 26. Bxe4 Nh4 27. Be1 Rg7 28. Bxh4 Qxh4 29. Qf2 Qg5 30. Rc3 Rc8 31. Rfc1 Be7 32. Nd2 Rf8 33. Nf3 Qh5 34. Kf1 Bd8 35. Rc8 Bxc8 36. Rxc8 Qg4 37. Rc2 Bxa5 38. Qh4 Qxh4 39. Nxh4 Rc7 40. Rxc7 Bxc7 41. Ke2 Kf7 42. Kf3 Rh8 43. Kg4 Bd8 44. Nf3 Rg8+ 45. Kh3 Ba5 46. g4 fxg3 47. hxg3 Kf6 48. g4 Bb4 49. g5+ Rxg5 50. Nxg5 Kxg5 51. Kg3 a5 52. b3 b5 53. Bd3 a4 54. Bxb5 a3 0-1